000 00816nam a2200253Ia 4500
003 OSt
005 20220926002653.0
006 a|||||r|||| 00| 0
007 ta
008 220923b |||||||| |||| 00| 0 eng d
020 _a8177081462
_c535.50
037 _b11826, 27/11/2007, GOVINDA BOOK HOUSE
_cGeneral Book
040 _aRTL
_cRTL
_beng
041 _2eng
_aeng
082 _aX:75-77, P7
100 _aNayak Narayan C Ed.
_9306274
245 0 _aEconomic reforms, human welfare and sustainable development in India
260 _a New Delhi
_bNew Century
_c2007
300 _axxiii, 271p.
_ccm.
500 _aBibliography Chapterwise
650 _aCommerce
942 _hX:75-77, P7
_cGB
_2CC
999 _c605804
_d605804